<?xml version="1.0" encoding="UTF-8"?>
<record
    xmlns:xsi="http://www.w3.org/2001/XMLSchema-instance"
    xsi:schemaLocation="http://www.loc.gov/MARC21/slim http://www.loc.gov/standards/marcxml/schema/MARC21slim.xsd"
    xmlns="http://www.loc.gov/MARC21/slim">

  <leader>00589nam a2200205uu 4500</leader>
  <controlfield tag="001">WIIW0000188</controlfield>
  <controlfield tag="003">OSt</controlfield>
  <controlfield tag="005">20241011121858.0</controlfield>
  <controlfield tag="008">241011b        |||||||| |||| 00| 0 eng d</controlfield>
  <datafield tag="020" ind1=" " ind2=" ">
    <subfield code="a">978-3-7560-0313-6</subfield>
  </datafield>
  <datafield tag="040" ind1=" " ind2=" ">
    <subfield code="c">OSt</subfield>
  </datafield>
  <datafield tag="041" ind1=" " ind2=" ">
    <subfield code="a">ger</subfield>
  </datafield>
  <datafield tag="100" ind1=" " ind2=" ">
    <subfield code="d">Michael H&#xFC;ther, Melinda Fremerey, Simon Gerards Iglesias, Ed.</subfield>
  </datafield>
  <datafield tag="245" ind1="0" ind2="0">
    <subfield code="a">Gegen die Weltordnung</subfield>
    <subfield code="b">Russlands Sonderweg und sein &#xF6;konomischer Preis</subfield>
  </datafield>
  <datafield tag="260" ind1=" " ind2=" ">
    <subfield code="a">Baden-Baden</subfield>
    <subfield code="b">Nomos</subfield>
    <subfield code="c">2023</subfield>
  </datafield>
  <datafield tag="300" ind1=" " ind2=" ">
    <subfield code="a">219 S. ;</subfield>
    <subfield code="c">21,5 cm.</subfield>
  </datafield>
  <datafield tag="490" ind1=" " ind2=" ">
    <subfield code="a">ISPK-Studien zur Konfliktforschung</subfield>
  </datafield>
  <datafield tag="651" ind1=" " ind2=" ">
    <subfield code="a">Russland</subfield>
  </datafield>
  <datafield tag="942" ind1=" " ind2=" ">
    <subfield code="c">B</subfield>
    <subfield code="2">z</subfield>
  </datafield>
  <datafield tag="999" ind1=" " ind2=" ">
    <subfield code="c">9063</subfield>
    <subfield code="d">9063</subfield>
  </datafield>
  <datafield tag="952" ind1=" " ind2=" ">
    <subfield code="0">0</subfield>
    <subfield code="1">0</subfield>
    <subfield code="2">z</subfield>
    <subfield code="4">0</subfield>
    <subfield code="7">0</subfield>
    <subfield code="a">BIB</subfield>
    <subfield code="b">BIB</subfield>
    <subfield code="d">2024-10-11</subfield>
    <subfield code="l">0</subfield>
    <subfield code="o">7974</subfield>
    <subfield code="r">2024-10-11 12:19:17</subfield>
    <subfield code="w">2024-10-11</subfield>
    <subfield code="y">B</subfield>
  </datafield>
</record>
